ENSAYOS SOBRE LA REFORMA POLITICA/

I tiakina i:
Ngā taipitopito rārangi puna kōrero
Kaituhi matua: Ezcurdia, Mario (autor)
Ētahi atu kaituhi: Muñoz, Jaime (autor) (autor)
Hōputu: Pukapuka
Rangatū:ENSAYOS; 6
Ngā marau:
Ngā Tūtohu: Tāpirihia he Tūtohu
Kāore He Tūtohu, Me noho koe te mea tuatahi ki te tūtohu i tēnei pūkete!

MARC

LEADER 00000nam^a2200000^a^4500
001 000224651
005 20250521000000.0
009 20260310104058.807
020 |a 968-865-006-7 
035 |a 043568 
037 |a Acervo Xavier Clavigero 
082 |a 324. 6  |b EZC 
100 |a Ezcurdia, Mario  |e (autor) 
245 1 0 |a ENSAYOS SOBRE LA REFORMA POLITICA/  |c MARIO EZCURDIA, JAIME MUÑOZ 
264 |a MEXICO :  |b REFORMA POLITICA,  |c 1978 
300 |a 53p. 
336 |a texto  |b txt  |2 rdacontenido 
337 |a sin mediación  |b n  |2 rdamedio 
338 |a volumen  |b nc  |2 rdasoporte 
440 |a ENSAYOS;  |v 6 
649 |a XX 
650 |a Derecho Electoral -  |z México 
650 |a Reforma Política 
650 |a Política -  |z México 
700 |a Muñoz, Jaime  |e (autor) 
910 |a Fondo General 
920 |a Impresos - Libros 
930 |a Colección General 
905 |a 101 
901 |a 043568  |b IT1  |c ACC  |i 043568  |u 20250521 
902 |a https://opac.biblio.iteso.mx/vufind/Record/000224651